traitor - Olivia Rodrigo (All Lyrics) - Statistics

General Stats
  • This quiz has been taken 51 times
    44 since last reset
  • The average score is 307 of 354
Answer Stats
Lyrics % Correct
a
100%
I
100%
traitor
100%
you
100%
You
100%
but
97%
did
97%
For
97%
That
97%
that
97%
to
97%
together
97%
we
97%
were
97%
with
97%
your
97%
you're
97%
and
94%
And
94%
didn't
94%
go
94%
her,
94%
her
94%
know
94%
me
94%
so
94%
The
94%
the
94%
when
94%
When
94%
cheat,
90%
in
90%
it
90%
It
90%
love
90%
matter
90%
never
90%
off
90%
still
90%
still,
90%
date
87%
feel
87%
no
87%
talked
87%
thought
87%
took
87%
two
87%
way
87%
weeks
87%
you'll
87%
about
84%
Before
84%
betrayed
84%
could
84%
Could
84%
Guess
84%
sorry
84%
yeah
84%
Yeah,
84%
don't
81%
Don't
81%
fell
81%
hurt,
81%
like
81%
Now
81%
this
81%
through
81%
went
81%
wish
81%
even
77%
how
77%
at
74%
bed
74%
God,
74%
made
74%
said
74%
up
74%
was
74%
word,
74%
worst,
74%
as
71%
called
71%
dare
71%
forget
71%
gave
71%
just
71%
knew
71%
maybe
71%
paranoid?
71%
second
71%
she's
71%
true,
71%
worse
71%
always
68%
damn
68%
down
68%
fall
68%
friends?
68%
hell
68%
if
68%
look
68%
Loved
68%
new
68%
quits?
68%
Show
68%
sure
68%
there's
68%
told
68%
trophy
68%
ain't
65%
Ain't
65%
All
65%
bring
65%
funny
65%
funny?
65%
had
65%
keep
65%
quickly
65%
shut
65%
somebody
65%
around
61%
eyes
61%
lies,
61%
quiet
61%
ran
61%
sleepin'
61%
white
61%
'Cause
58%
dumb,
58%
kept
58%
little
58%
played
58%
used
58%
avoid
55%
brought
55%
Brown
55%
games
55%
guilty
55%
questions
55%
twisted
55%
Remember
52%
No matching quizzes found
Score Distribution
Percent of People with Each Score
Percentile by Number Answered
Your Score History
You have not taken this quiz since the last reset